| 000 | 00834nas a2200265 4500 | ||
|---|---|---|---|
| 001 | BR7905884 | ||
| 003 | BR-BrBNA | ||
| 005 | 20231205083940.0 | ||
| 007 | ta | ||
| 008 | 230509b bl.|||p| |||| 00| 00por d | ||
| 040 |
_aBR-BrBNA _bpor _cBiblioteca Nacional de Agricultura |
||
| 041 | _a(Pt) | ||
| 072 | _aL32; L30 | ||
| 100 | 1 | _aTravaglini, M.M.E. | |
| 245 | 1 |
_aEfeito da adicao do residuo da extracao do oleo de abacate na dieta de ratos da linhagem wistar _bEstudo preliminar |
|
| 650 | _aIndustria alimenticia | ||
| 650 | _aNutricao animal | ||
| 650 | _aOleo | ||
| 650 | _aAbacate | ||
| 650 | _aRacao | ||
| 650 | _aRato | ||
| 773 | 0 |
_tColetanea do Instituto de Tecnologia de Alimentos (Brazil) _xISSN 0100-350X _g(1979), v. 10 p. 187-193 _wBR7905884 |
|
| 909 |
_a202311 _bLúcia _c55 _dLúcia Elande |
||
| 942 |
_2AGRIS _n0 _cANA |
||
| 999 |
_c102209 _d102209 |
||